Data center virtualization fundamentals: Understanding techniques and designs for highly efficient data centers with cisco nexus, ucs,mds and beyond (Record no. 12709)

000 -LEADER
fixed length control field 01144cam a22003137a 4500
001 - CONTROL NUMBER
control field 17745444
005 - DATE AND TIME OF LATEST TRANSACTION
control field 20170105102407.0
008 - FIXED-LENGTH DATA ELEMENTS--GENERAL INFORMATION
fixed length control field 130520s2014 nyua 001 0 eng d
010 ## - LIBRARY OF CONGRESS CONTROL NUMBER
LC control number 2013940880
015 ## - NATIONAL BIBLIOGRAPHY NUMBER
National bibliography number GBB327044
Source bnb
016 7# - NATIONAL BIBLIOGRAPHIC AGENCY CONTROL NUMBER
Record control number 016303943
Source Uk
020 ## - INTERNATIONAL STANDARD BOOK NUMBER
International Standard Book Number 9781587143243 (pbk.)
020 ## - INTERNATIONAL STANDARD BOOK NUMBER
International Standard Book Number 1587143240 (pbk.)
035 ## - SYSTEM CONTROL NUMBER
System control number (OCoLC)ocn832608810
040 ## - CATALOGING SOURCE
Original cataloging agency UKMGB
Language of cataloging eng
Transcribing agency UKMGB
Modifying agency OCLCO
-- SINLB
-- YDXCP
-- TAMCT
-- DLC
042 ## - AUTHENTICATION CODE
Authentication code lccopycat
050 00 - LIBRARY OF CONGRESS CALL NUMBER
Classification number QA76.9.V5
Item number S26 2014
082 04 - DEWEY DECIMAL CLASSIFICATION NUMBER
Classification number 004 SAN
Edition number 23
100 1# - MAIN ENTRY--PERSONAL NAME
Personal name Santana, Gustavo Alessandro Andrade,
245 10 - TITLE STATEMENT
Title Data center virtualization fundamentals: Understanding techniques and designs for highly efficient data centers with cisco nexus, ucs,mds and beyond
Statement of responsibility, etc. Gustavo Alessandro Andrade Santana
260 ## - PUBLICATION, DISTRIBUTION, ETC.
Place of publication, distribution, etc. Indianapolis, IN :
Name of publisher, distributor, etc. Cisco Press,
Date of publication, distribution, etc. c2014.
300 ## - PHYSICAL DESCRIPTION
Extent xxix, 929 p. :
Other physical details ill. ;
Dimensions 24 cm.
500 ## - GENERAL NOTE
General note Includes index.
650 #0 - SUBJECT ADDED ENTRY--TOPICAL TERM
Topical term or geographic name entry element Virtual computer systems.
650 #0 - SUBJECT ADDED ENTRY--TOPICAL TERM
Topical term or geographic name entry element Data libraries.
906 ## - LOCAL DATA ELEMENT F, LDF (RLIN)
a 7
b cbc
c copycat
d 2
e ncip
f 20
g y-gencatlg
942 ## - ADDED ENTRY ELEMENTS (KOHA)
Source of classification or shelving scheme
Koha item type Book
Holdings
Withdrawn status Lost status Damaged status Not for loan Collection code Permanent Location Current Location Shelving location Date acquired Source of acquisition Cost, normal purchase price Total Checkouts Full call number Barcode Date last seen Date last checked out Price effective from Koha item type
          NUST Law School (NLS) NUST Law School (NLS) First Floor - Computer Science 02/11/2014 Progressive International Agencies 5703.00 1 004 SAN SEECS013155 07/09/2014 02/19/2014 02/11/2014 Book
© 2023 Central Library, National University of Sciences and Technology. All Rights Reserved.